McLaren Models Quiz - Statistics

General Stats
  • This quiz has been taken 263 times
  • The average score is 9 of 15
Answer Stats
Picture Answer % Correct
P1
92%
F1
87%
Senna
86%
720S
79%
Speedtail
76%
P1 GTR
67%
GT
60%
MP4-12C
59%
570S
58%
650S
54%
675LT
54%
F1 LM
49%
600LT
47%
540C
43%
570GT
31%
No matching quizzes found
Score Distribution
Percent of People with Each Score
Percentile by Number Answered
Your Score History
You have not taken this quiz